Modern compiler implementation in Java
Αποθηκεύτηκε σε:
| Κύριος συγγραφέας: | |
|---|---|
| Μορφή: | Βιβλίο |
| Γλώσσα: | English |
| Δημοσίευση: |
Cambridge :
Cambridge University press,
c1998
|
| Θέματα: | |
| Ετικέτες: |
Προσθήκη ετικέτας
Δεν υπάρχουν, Καταχωρήστε ετικέτα πρώτοι!
|
MARC
| LEADER | 00000nam a2200000 i 4500 | ||
|---|---|---|---|
| 001 | 1/95990 | ||
| 008 | 000322s1998 eng d | ||
| 020 | |a 0521583888 | ||
| 035 | |l 10055553 | ||
| 040 | |a GR-MY-UA |b gre |e aacr | ||
| 041 | 0 | |a eng | |
| 082 | 0 | |a 005.453 | |
| 100 | 1 | |a Appel, Andrew W. |d 1960- | |
| 245 | 1 | 0 | |a Modern compiler implementation in Java / |c Andrew W. Appel |
| 260 | |a Cambridge : |b Cambridge University press, |c c1998 | ||
| 300 | |a x, 548 p.; |b ill.; |c 24 cm. | ||
| 504 | |a Includes bibliographical references and index | ||
| 650 | 0 | 0 | |a Compilers (Computer programs) |
| 650 | 0 | 0 | |a Java (Computer program language) |
| 852 | |a INST |b SAMOS |e 20000322 |h 005.453 APP |p 005300016386 |q 005300016386 |t BK |y 0 | ||
| 901 | |a BIBL3-2000-1 | ||
| 909 | |a Σ |b 070899 | ||
| 922 | |a 3ΕΛΗ |b 199911 |c ΤΠΕΣ |d ΠΑΠΑΣΩΤΗΡΙΟΥ | ||
| 950 | |a 133-1999-07-20 | ||
| 970 | |a ΓΕΝΟΥΖΟΥ |b ΧΡΥΣΑΝΘΗ |z 2000/03/22 | ||